banner-ar

زكى طليمات / (Record no. 50070)

MARC details
000 -الفاتح
حقل البيانات ثابتة الطول 00694nam a2200229Ia 4500
008 - عناصر البيانات ثابتة الطول - معلومات عامة
حقل البيانات ثابتة الطول 140319s9999 xx 000 0 ara d
040 ## - مصدر الفهرسة
وكالة الفهرسة الأصلية GCL /
وكالة النسخ GCL
082 04 - رقم تصنيف ديوى العشرى
رقم التصنيف 792.0962
رقم المادة ع ز
100 1# - المدخل الرئيسى - إسم شخصى
الإسم الشخصى محمود الحديدى
245 10 - بيان العنوان
العنوان زكى طليمات /
بيان المسئوليه,etc محمود الحديدى
700 1# - المدخل الاضافى - اسم شخصى
الإسم الشخصى عبدالغنى داود
700 1# - المدخل الاضافى - اسم شخصى
الإسم الشخصى سعد اردش
700 1# - المدخل الاضافى - اسم شخصى
الإسم الشخصى محمود الحدينى
300 ## - الوصف المادى
التعداد 157 ص
490 ## - بيان السلسلة
عنوان السلسلة سلسلة رواد المسرح المصرى
رقم المجلد/ التعيين التسلسلي 0
650 04 - المدخل الاضافى بالموضوع-مصطلح موضوعى
مصطلح موضوعي الفنانون المصريون
650 04 - المدخل الاضافى بالموضوع-مصطلح موضوعى
مصطلح موضوعي المسرح المصرى
650 04 - المدخل الاضافى بالموضوع-مصطلح موضوعى
مصطلح موضوعي الفنانون - تراجم
650 04 - المدخل الاضافى بالموضوع-مصطلح موضوعى
مصطلح موضوعي زكى طليمات
942 ## - عناصر المدخل الإضافي( كوها)
مصدر التصنيف او مخطط الترفيف Dewey Decimal Classification
Koha [default] item type كتاب
Holdings
حالة التراجع حالة الفقد حالة تلف ليس للاعارة المكان المؤقت الموقع الحالى تاريخ الاكتساب اجمالي اﻻعارات رقم الطلب الباركود تاريخ اخر مشاهدة تاريخ تفعيل السعر نوع وعاء كوها
        مكتبة القاهرة الكبرى مكتبة القاهرة الكبرى 03/26/2014   792.0962\ع ز 120071 03/26/2014 03/26/2014 كتاب
        مكتبة القاهرة الكبرى مكتبة القاهرة الكبرى 03/26/2014   792.0962\ع ز 120072 03/26/2014 03/26/2014 كتاب

Powered By

EGPV